000 00634nam a2200229Ia 4500
005 20250508165827.0
008 008 250505s9999 xx 000 0 eng d
020 _a978-1-5063-2643-4
037 _aReference
040 _aFEDL
_beng
_cFEDL
041 _aeng
_2eng
084 _a379.54, WYS/RR
_qFEDL
100 _aWyse Dominic
245 0 _aGood writing guiding for education students
250 _a4
260 _aLondon, UK
_bSage Publications Ltd.
_c2017
300 _axi, 180p.
365 _aGBP
_b18.99
700 _a Cowan Kate
_9782095
942 _cREF
_h379.54, WYS/RR
999 _c1397692
_d1397692